000 00529cam a22001934a 4500
001 sa 64005040
003 DLC
005 20260227112029.0
008 950627s1962 ii 000 0 urdo
010 _asa 64005040
040 _aDLC
_cDLC
050 0 0 _aPK2200.S43191655
_bS525 1962
100 0 _aShakīl Badāyūnī,
_d1916-1970.
245 1 0 _aṢanam o ḥaram /
_cShakīl Badāyūnī.
260 _aLāhaur :
_bAt̤har Pablishing Hāʼūs,
_c[1962?]
300 _a159 p. ;
_c19 cm.
500 _aPoems.
546 _aIn Urdu.
999 _c58901
_d58901